Rainwater and greywater use in buildings (Record no. 101745)

MARC details
000 -LEADER
fixed length control field 00780cam a22002415a 4500
001 - CONTROL NUMBER
control field L115281
008 - FIXED-LENGTH DATA ELEMENTS--GENERAL INFORMATION
fixed length control field 011024s2001 xxk f 000 00eng d
020 ## - INTERNATIONAL STANDARD BOOK NUMBER
International Standard Book Number 0860178803
035 ## - SYSTEM CONTROL NUMBER
System control number (Sirsi) u115281
050 04 - LIBRARY OF CONGRESS CALL NUMBER
Classification number 696.1 $2 18
100 1# - MAIN ENTRY--PERSONAL NAME
Personal name Leggett, D. J.
245 00 - TITLE STATEMENT
Title Rainwater and greywater use in buildings
Remainder of title decision-making for water conservation
260 ## - PUBLICATION, DISTRIBUTION, ETC.
Place of publication, distribution, etc. London
Name of publisher, distributor, etc. CIRIA
Date of publication, distribution, etc. 2001
300 ## - PHYSICAL DESCRIPTION
Extent 65p.
Dimensions 30cm.
350 ## - PRICE (NR) (BK AM CF MU VM SE) [OBSOLETE]
Price 15
490 #0 - SERIES STATEMENT
Series statement CIRIA
Volume/sequential designation PR80
651 #4 - SUBJECT ADDED ENTRY--GEOGRAPHIC NAME
Geographic name England and Wales
Chronological subdivision 1543-
690 ## - LOCAL SUBJECT ADDED ENTRY--TOPICAL TERM (OCLC, RLIN)
Topical term or geographic name as entry element BUILT ENVIRONMENT-BUILDING ELEMENTS-COMPLETE BUILDING SERVICES ELEMENTS-COMPLETE WASTE REMOVAL AND DISPOSAL SYSTEMS
690 ## - LOCAL SUBJECT ADDED ENTRY--TOPICAL TERM (OCLC, RLIN)
Topical term or geographic name as entry element ENVIRONMENTAL AND LAND CONSULTANCY-WATER RESOURCE MANAGEMENT
700 ## - ADDED ENTRY--PERSONAL NAME
Personal name Brown, R.
700 ## - ADDED ENTRY--PERSONAL NAME
Personal name Stanfield, G.
942 ## - ADDED ENTRY ELEMENTS (KOHA)
Suppress in OPAC 0
Holdings
Withdrawn status Lost status Source of classification or shelving scheme Damaged status Not for loan Home library Current library Shelving location Date acquired Cost, normal purchase price Total Checkouts Full call number Barcode Date last seen Date last checked out Copy number Cost, replacement price Price effective from Koha item type
    Dewey Decimal Classification     London London Folio 24/10/2001 15.00 4 F696.1 LEG 30065026 06/08/2019 29/11/2004 1 15.00 06/08/2019 Book